| 000 | 00811nam a22001577a 4500 | ||
|---|---|---|---|
| 003 | OSt | ||
| 005 | 20151007163804.0 | ||
| 008 | 151007b xxu||||| |||| 00| 0 eng d | ||
| 040 | _cRUA | ||
| 082 | _aAVM TUY 2006 B077 Or.1 | ||
| 100 |
_92317 _aTUY VICHET |
||
| 245 | _aThe effect of using trichantera gigantealeave in basal diets on growth rate of quail at rua, (ឥទ្ធិពលនៃការប្រើប្រាស់ស្លឹក Trichantera gigantea ជាចំណីផ្សំលើការលូតលាស់របស់ក្រួច នៅស្ថានីយ៍ចិញ្ចឹមសត្វ នៃសាកលវិទ្យាល័យភូមិន្ទកសិកម្ម) | ||
| 260 |
_aphnom penh _brua _c2006 |
||
| 300 |
_aix, 40p. _bill. _c29cm. |
||
| 942 |
_2ddc _cAVM |
||
| 999 |
_c2183 _d2183 |
||